Normal view
MARC view
Entry Topical Term
001 - CONTROL NUMBER
- control field: 7945
003 - CONTROL NUMBER IDENTIFIER
- control field: BD-RjUL
005 - DATE AND TIME OF LATEST TRANSACTION
- control field: 20230709102805.0
008 - FIXED-LENGTH DATA ELEMENTS
- fixed length control field: 230709|| aca||aabn | a|a d
040 ## - CATALOGING SOURCE
- Original cataloging agency: BD-RjUL
- Transcribing agency: BD-RjUL
150 ## - HEADING--TOPICAL TERM
- Topical term or geographic name entry element: বৈদেশিক নীতি
- Geographic subdivision: সৌদী আরব
- Geographic subdivision: মদীনা
670 ## - SOURCE DATA FOUND
- Source citation: Work cat.: (BD-RjUL)81543: আহসানুল্লাহ, মুহাম্মদ 7944, মদীনা রাষ্টের বৈদেশিক নীতি :, ২০২০